Droit de l'Urbanisme : l'Urbanisme individuel et celui opérationnel - Statistiques

Statistiques générales
  • Ce quiz a été pris 9 fois
  • Le résultat moyen est 1 sur 24
Statistiques - réponses
Hint Réponse % Correct
(documents de l'Urbanisme individuel) 1. document administratif délivré par une commune, informant sur les règles d'urbanisme applicables à un terrain certificat d'urbanisme
67%
...va préciser si le projet est réalisable sur le terrain, et va « figer » les caractéristiquesurbanistiques de la parcelle pendant un délai de ??? mois, prolongeable une fois 18
33%
3. acte administratif obligatoire pour certains travaux de construction, d'agrandissement ou de modification d'un bâtiment permis de construire
33%
dans certains cas, l’intervention d’un architecte est toujours obligatoire, elle l'est autrement si la surface de la construction nouvelle ou de l’existant après extension dépasse une surface au sol de ??? m² 150
0%
il concerne toutes constructions nouvelles d’une surface au sol excédant les ??? m²... 20
0%
à la différence du document 3., le délai d'instruction sera de ??? mois minimum et l’absence de réponse vaudra acceptation tacite 3
0%
le maitre d’ouvrage ayant construit sans autorisation ou en ne respectant pas les prescriptions de l’autorisation s’expose à ??? types de sanctions 3
0%
... et toutes extensions/surélévations, d’une surface au sol excédant les ??? m² 40
0%
en l’absence de réponse de l'autorité urbanistique, la déclaration préalable sera considérée comme tacitement ??? acceptée
0%
les sanctions ??? : Suspension des travaux / Obligation de régularisation / Obligation de démolition ou de mise en conformité / Frais supportés par le contrevenant : Les coûts liés à la démolition ou à la mise en conformité sont à la charge du propriétaire administratives
0%
3BIS. depuis 2014, la Loi ??? prévoit l’hypothèse des habitats légers alternatifs ALUR
0%
les sanctions ??? : Recours des tiers civiles
0%
2. autorisation s’imposant pour les constructions non soumises à la délivrance d’un permis de construire mais pour lesquelles l’administration doit vérifier la légalité du projet déclaration préalable
0%
...à l’habitat léger à usage d’??? qui peut être assimilé à une construction même en l’absence de fondation habitation
0%
la réglementation variera selon les caractéristiques de l’habitat, on distingue : la ??? (4 mots ou sigle de 3 lettres), démontable et destinée à un usage temporaire... Habitation légère de Loisir
0%
on distingue celui simple d'???... information
0%
les travaux d'aménagement ??? sont exclus du champ des documents 2. et 3. intérieur
0%
(documents de l'Urbanisme opérationnel) 1. l’opération de ??? consiste à diviser un terrain ou une unité foncière en plusieurs lots destinés à être bâtis et le cas échéant à les aménager et les équiper en vue de les vendre lotissement
0%
...de celui d'???, qui... opérationnel
0%
et les sanctions ??? : Amendes financières (6 000 € par m² de surface construite illégalement, doublé en cas de récidive) / Dans le cas des infractions particulièrement graves (exemple : construction en violation des lois sur les zones protégées) le contrevenant encourra une peine d’emprisonnement de 6 mois / Confiscation des bénéfices tirés de l’exploitation de la construction illégale (ex : revenus locatifs) / Interdiction d’exercer pour le professionnel auteur de l’infraction pénales
0%
4. autorisation nécessaire pour des travaux modifiant la configuration d’un terrain, notamment dans le cadre d’un projet d’aménagement global ou collectif (ex : lotissements ; campings etc) permis d’aménager
0%
le dossier de ??? (3 mots) (aussi appelé permis de lotir dans cette hypothèse) devra comporter un ensemble de document détaillant sa composition future et pourra imposer des contraintes aux futurs maitres d’ouvrage afin d’assurer l'homogénéité entre les différents lots permis d’aménager
0%
5. autorisation administrative nécessaire avant la démolition partielle ou totale d'un bâtiment, obligatoire lorsque la commune l'impose dans son PLU ou s'il est protégé/inscrit au patrimoine ou situé dans une zone de ce type permis de démolir
0%
2. zone à l'intérieur de laquelle une collectivité publique ou un établissement public y ayant vocation décide d'intervenir pour réaliser ou faire réaliser l'aménagement et l'équipement des terrains, notamment de ceux que cette collectivité ou cet établissement a acquis ou acquerra en vue de les céder ou de les concéder ultérieurement à des utilisateurs publics ou privés zone d'aménagement concerté
0%
Aucun quiz correspondant
Distribution des résultats
% des personnes avec chaque résultat
Percentile par nombre de réponses
Votre historique - résultats
Vous n’avez pas pris ce quiz